000 00708nam a2200241 i 4500
001 6256
003 ES-MaACL
005 20230906144842.0
007 t|
008 890911s1987 fr |||| | fre d
020 _a2-267-00531-X
080 _a1:329.18
080 _a329.18:1
100 1 _aLacoue-Labarthe, Philippe.
_969396
245 1 3 _aLa fiction du politique
_b: Heidegger, l'art et la politique /
_cPhilippe Lacoue-Labarthe.
260 _aParis :
_bChristian Bourgois,
_c[1987]
300 _a187 p. ;
_c20 cm.
490 1 _aDetroits
600 1 4 _aHeidegger, Martin-
_xCrítica e interpretación.
_962339
830 0 _aDetroits
_9177492
852 _aES-MaACL
_jL-13407
999 _c6256
_d6256